<?xml version="1.0" encoding="UTF-8"?>
<record
    xmlns:xsi="http://www.w3.org/2001/XMLSchema-instance"
    xsi:schemaLocation="http://www.loc.gov/MARC21/slim http://www.loc.gov/standards/marcxml/schema/MARC21slim.xsd"
    xmlns="http://www.loc.gov/MARC21/slim">

  <leader>00432nam a2200169   4500</leader>
  <controlfield tag="003">SEACOMEC</controlfield>
  <controlfield tag="005">20241224125846.0</controlfield>
  <controlfield tag="008">241224b        |||||||| |||| 00| 0 eng d</controlfield>
  <datafield tag="020" ind1=" " ind2=" ">
    <subfield code="a">013196853X</subfield>
    <subfield code="c">550.00</subfield>
  </datafield>
  <datafield tag="040" ind1=" " ind2=" ">
    <subfield code="a">SEACOMEC</subfield>
  </datafield>
  <datafield tag="082" ind1=" " ind2=" ">
    <subfield code="a">658.6</subfield>
    <subfield code="b">K87</subfield>
  </datafield>
  <datafield tag="100" ind1=" " ind2=" ">
    <subfield code="a">Kotler,  Philip</subfield>
  </datafield>
  <datafield tag="245" ind1=" " ind2=" ">
    <subfield code="a">Marketing Management /</subfield>
    <subfield code="c">Philip Kotler  &amp; Keller Lane Kevin</subfield>
  </datafield>
  <datafield tag="250" ind1=" " ind2=" ">
    <subfield code="a">12th ed</subfield>
  </datafield>
  <datafield tag="260" ind1=" " ind2=" ">
    <subfield code="a">Delhi</subfield>
    <subfield code="b">Pearson</subfield>
    <subfield code="c">2007</subfield>
  </datafield>
  <datafield tag="942" ind1=" " ind2=" ">
    <subfield code="c">BOOK</subfield>
  </datafield>
  <datafield tag="952" ind1=" " ind2=" ">
    <subfield code="0">0</subfield>
    <subfield code="1">0</subfield>
    <subfield code="2">ddc</subfield>
    <subfield code="4">0</subfield>
    <subfield code="7">0</subfield>
    <subfield code="a">SEACOMEC</subfield>
    <subfield code="b">SEACOMEC</subfield>
    <subfield code="d">2006-05-05</subfield>
    <subfield code="l">0</subfield>
    <subfield code="o">658.6 K87</subfield>
    <subfield code="p">11472</subfield>
    <subfield code="r">2024-12-24 12:56:58</subfield>
    <subfield code="w">2024-12-24</subfield>
    <subfield code="y">BOOK</subfield>
  </datafield>
  <datafield tag="952" ind1=" " ind2=" ">
    <subfield code="0">0</subfield>
    <subfield code="1">0</subfield>
    <subfield code="2">ddc</subfield>
    <subfield code="4">0</subfield>
    <subfield code="7">0</subfield>
    <subfield code="a">SEACOMEC</subfield>
    <subfield code="b">SEACOMEC</subfield>
    <subfield code="d">2006-05-05</subfield>
    <subfield code="l">0</subfield>
    <subfield code="o">658.6 K87</subfield>
    <subfield code="p">11473</subfield>
    <subfield code="r">2024-12-24 12:56:58</subfield>
    <subfield code="t">1</subfield>
    <subfield code="w">2024-12-24</subfield>
    <subfield code="y">BOOK</subfield>
  </datafield>
  <datafield tag="952" ind1=" " ind2=" ">
    <subfield code="0">0</subfield>
    <subfield code="1">0</subfield>
    <subfield code="2">ddc</subfield>
    <subfield code="4">0</subfield>
    <subfield code="7">0</subfield>
    <subfield code="a">SEACOMEC</subfield>
    <subfield code="b">SEACOMEC</subfield>
    <subfield code="d">2006-05-05</subfield>
    <subfield code="l">0</subfield>
    <subfield code="o">658.6 K87</subfield>
    <subfield code="p">11474</subfield>
    <subfield code="r">2024-12-24 12:56:58</subfield>
    <subfield code="t">2</subfield>
    <subfield code="w">2024-12-24</subfield>
    <subfield code="y">BOOK</subfield>
  </datafield>
  <datafield tag="952" ind1=" " ind2=" ">
    <subfield code="0">0</subfield>
    <subfield code="1">0</subfield>
    <subfield code="2">ddc</subfield>
    <subfield code="4">0</subfield>
    <subfield code="7">0</subfield>
    <subfield code="a">SEACOMEC</subfield>
    <subfield code="b">SEACOMEC</subfield>
    <subfield code="d">2006-05-05</subfield>
    <subfield code="l">0</subfield>
    <subfield code="o">658.6 K87</subfield>
    <subfield code="p">11475</subfield>
    <subfield code="r">2024-12-24 12:56:58</subfield>
    <subfield code="t">3</subfield>
    <subfield code="w">2024-12-24</subfield>
    <subfield code="y">BOOK</subfield>
  </datafield>
  <datafield tag="952" ind1=" " ind2=" ">
    <subfield code="0">0</subfield>
    <subfield code="1">0</subfield>
    <subfield code="2">ddc</subfield>
    <subfield code="4">0</subfield>
    <subfield code="7">0</subfield>
    <subfield code="a">SEACOMEC</subfield>
    <subfield code="b">SEACOMEC</subfield>
    <subfield code="d">2006-05-05</subfield>
    <subfield code="l">0</subfield>
    <subfield code="o">658.6 K87</subfield>
    <subfield code="p">11476</subfield>
    <subfield code="r">2024-12-24 12:56:58</subfield>
    <subfield code="t">4</subfield>
    <subfield code="w">2024-12-24</subfield>
    <subfield code="y">BOOK</subfield>
  </datafield>
  <datafield tag="952" ind1=" " ind2=" ">
    <subfield code="0">0</subfield>
    <subfield code="1">0</subfield>
    <subfield code="2">ddc</subfield>
    <subfield code="4">0</subfield>
    <subfield code="7">0</subfield>
    <subfield code="a">SEACOMEC</subfield>
    <subfield code="b">SEACOMEC</subfield>
    <subfield code="d">2006-05-05</subfield>
    <subfield code="l">0</subfield>
    <subfield code="o">658.6 K87</subfield>
    <subfield code="p">11477</subfield>
    <subfield code="r">2024-12-24 12:56:58</subfield>
    <subfield code="t">5</subfield>
    <subfield code="w">2024-12-24</subfield>
    <subfield code="y">BOOK</subfield>
  </datafield>
  <datafield tag="952" ind1=" " ind2=" ">
    <subfield code="0">0</subfield>
    <subfield code="1">0</subfield>
    <subfield code="2">ddc</subfield>
    <subfield code="4">0</subfield>
    <subfield code="7">0</subfield>
    <subfield code="a">SEACOMEC</subfield>
    <subfield code="b">SEACOMEC</subfield>
    <subfield code="d">2006-05-05</subfield>
    <subfield code="l">0</subfield>
    <subfield code="o">658.6 K87</subfield>
    <subfield code="p">11478</subfield>
    <subfield code="r">2024-12-24 12:56:58</subfield>
    <subfield code="t">6</subfield>
    <subfield code="w">2024-12-24</subfield>
    <subfield code="y">BOOK</subfield>
  </datafield>
  <datafield tag="952" ind1=" " ind2=" ">
    <subfield code="0">0</subfield>
    <subfield code="1">0</subfield>
    <subfield code="2">ddc</subfield>
    <subfield code="4">0</subfield>
    <subfield code="7">0</subfield>
    <subfield code="a">SEACOMEC</subfield>
    <subfield code="b">SEACOMEC</subfield>
    <subfield code="d">2006-05-05</subfield>
    <subfield code="l">0</subfield>
    <subfield code="o">658.6 K87</subfield>
    <subfield code="p">11479</subfield>
    <subfield code="r">2024-12-24 12:56:58</subfield>
    <subfield code="t">7</subfield>
    <subfield code="w">2024-12-24</subfield>
    <subfield code="y">BOOK</subfield>
  </datafield>
  <datafield tag="952" ind1=" " ind2=" ">
    <subfield code="0">0</subfield>
    <subfield code="1">0</subfield>
    <subfield code="2">ddc</subfield>
    <subfield code="4">0</subfield>
    <subfield code="7">0</subfield>
    <subfield code="a">SEACOMEC</subfield>
    <subfield code="b">SEACOMEC</subfield>
    <subfield code="d">2006-05-05</subfield>
    <subfield code="l">0</subfield>
    <subfield code="o">658.6 K87</subfield>
    <subfield code="p">11480</subfield>
    <subfield code="r">2024-12-24 12:56:58</subfield>
    <subfield code="t">8</subfield>
    <subfield code="w">2024-12-24</subfield>
    <subfield code="y">BOOK</subfield>
  </datafield>
  <datafield tag="952" ind1=" " ind2=" ">
    <subfield code="0">0</subfield>
    <subfield code="1">0</subfield>
    <subfield code="2">ddc</subfield>
    <subfield code="4">0</subfield>
    <subfield code="7">0</subfield>
    <subfield code="a">SEACOMEC</subfield>
    <subfield code="b">SEACOMEC</subfield>
    <subfield code="d">2006-05-05</subfield>
    <subfield code="l">0</subfield>
    <subfield code="o">658.6 K87</subfield>
    <subfield code="p">11481</subfield>
    <subfield code="r">2024-12-24 12:56:58</subfield>
    <subfield code="t">9</subfield>
    <subfield code="w">2024-12-24</subfield>
    <subfield code="y">BOOK</subfield>
  </datafield>
  <datafield tag="999" ind1=" " ind2=" ">
    <subfield code="c">1910</subfield>
    <subfield code="d">1910</subfield>
  </datafield>
</record>
